Fr. Conceicao Rodrigues College of Engineering

Learning Perl (Record no. 24391)

MARC details
000 -LEADER
fixed length control field 00297nam a2200157Ia 4500
082 ## - DEWEY DECIMAL CLASSIFICATION NUMBER
Classification number 5.133
Item number SCH
100 ## - MAIN ENTRY--PERSONAL NAME
Personal name Schwartz/Randal l
250 ## - EDITION STATEMENT
Edition statement 3
245 ## - TITLE STATEMENT
Title Learning Perl
260 ## - PUBLICATION, DISTRIBUTION, ETC.
Name of publisher, distributor, etc. Oreilly
Date of publication, distribution, etc. 2001
300 ## - PHYSICAL DESCRIPTION
Extent 316
546 ## - LANGUAGE NOTE
Language note ENGLISH
654 ## - SUBJECT ADDED ENTRY--FACETED TOPICAL TERMS
Focus term perl
942 ## - ADDED ENTRY ELEMENTS (KOHA)
Koha item type BOOK
Holdings
Withdrawn status Lost status Damaged status Not for loan Collection Home library Current library Date acquired Total Checkouts Full call number Barcode Date last seen Price effective from Koha item type
        CRC Fr. Agnel's C.Rodrigues College of Engineering Fr. Agnel's C.Rodrigues College of Engineering 17/03/2023   5.133 SCH 13371 17/03/2023 17/03/2023 BOOK